[Event "16th Deltalift Open 2019"]
[Site "Halmstad"]
[Date "2019.05.30"]
[Round "3.5"]
[White "Brynell, Stellan"]
[Black "Petersson, Baldur Teodor"]
[Result "1-0"]
[WhiteElo "2406"]
[BlackElo "2163"]
[Annotator "ChessBase"]
[PlyCount "77"]
[EventDate "2019.05.30"]
[EventType "swiss"]
[EventCountry "SWE"]
[SourceTitle "playchess.com"]
[Source "ChessBase"]
[SourceQuality "1"]
[TimeControl "1800+12"]

1. Nf3 {[%emt 0:00:00]} Nf6 {[%emt 0:00:00]} 2. c4 {[%emt 0:00:00]} g6 {[%emt 0:00:01]} 3. b3 {[%emt 0:00:00]} Bg7 {[%emt 0:00:10]} 4. Bb2 {[%emt 0:00:00]} O-O {[%emt 0:00:09]} 5. g3 {[%emt 0:00:00]} c5 {[%emt 0:00:20]} 6. Bg2 {[%emt 0:00:02]} Nc6 {[%emt 0:00:06]} 7. O-O {[%emt 0:00:06]} d5 {[%emt 0:01:00]} 8. cxd5 {[%emt 0:00:07]} Nxd5 {[%emt 0:00:06]} 9. Bxg7 {[%emt 0:00:03]} Kxg7 {[%emt 0:00:08]} 10. d4 {[%emt 0:00:02]} cxd4 {[%emt 0:02:13]} 11. Nxd4 {[%emt 0:01:34]} Ndb4 {[%emt 0:00:10]} 12. Nxc6 {[%emt 0:01:09]} Nxc6 {[%emt 0:00:07]} 13. Bxc6 {[%emt 0:00:17]} bxc6 {[%emt 0:00:25]} 14. Qxd8 {[%emt 0:00:05]} Rxd8 {[%emt 0:00:07]} 15. Nc3 {[%emt 0:00:02]} Ba6 {[%emt 0:01:32]} 16. Rfd1 {[%emt 0:00:06]} e5 {[%emt 0:00:59]} 17. Kf1 {[%emt 0:02:09]} Rd4 {[%emt 0:01:47]} 18. Ke1 {[%emt 0:03:01]} Rad8 {[%emt 0:01:36]} 19. Rac1 {[%emt 0:02:33]} Kf8 {[%emt 0:06:10]} 20. e3 {[%emt 0:12:30]} Rxd1+ {[%emt 0:01:37]} 21. Nxd1 {[%emt 0:00:18]} Rd6 {[%emt 0:01:44]} 22. Rc5 {[%emt 0:00:11]} Rd5 {[%emt 0:02:32]} 23. Rxc6 {[%emt 0:00:25]} Ra5 {[%emt 0:00:07]} 24. Nc3 {[%emt 0:00:31]} Bb7 {[%emt 0:00:20]} 25. Rc7 {[%emt 0:00:19]} Bf3 {[%emt 0:00:20]} 26. Kd2 {[%emt 0:00:46]} Ra6 {[%emt 0:01:00]} 27. Kc2 {[%emt 0:02:06]} h5 {[%emt 0:00:37]} 28. b4 {[%emt 0:00:25]} Bg4 {[%emt 0:01:32]} 29. b5 {[%emt 0:00:37]} Rf6 {[%emt 0:00:11]} 30. f4 {[%emt 0:00:06]} exf4 {[%emt 0:00:27]} 31. gxf4 {[%emt 0:02:12]} a6 {[%emt 0:00:41]} 32. a4 {[%emt 0:00:21]} axb5 {[%emt 0:01:20]} 33. axb5 {[%emt 0:00:01]} Rb6 {[%emt 0:00:31]} 34. Kb3 {[%emt 0:00:19]} Ke8 {[%emt 0:01:33]} 35. Kb4 {[%emt 0:00:03]} Bd7 {[%emt 0:00:50]} 36. Kc5 {[%emt 0:00:05]} Rb8 {[%emt 0:00:01]} 37. b6 {[%emt 0:00:17]} Rc8 {[%emt 0:02:19]} 38. Kd6 {[%emt 0:00:46]} Rxc7 {[%emt 0:00:27]} 39. Kxc7 {[%emt 0:00:03]} 1-0

[Event "16th Deltalift Open 2019"]
[Site "Halmstad"]
[Date "2019.05.30"]
[Round "3.6"]
[White "Sjoberg, Isak"]
[Black "Jepson, Christian"]
[Result "0-1"]
[WhiteElo "2208"]
[BlackElo "2395"]
[Annotator "ChessBase"]
[PlyCount "83"]
[EventDate "2019.05.30"]
[EventType "swiss"]
[EventCountry "SWE"]
[SourceTitle "playchess.com"]
[Source "ChessBase"]
[SourceQuality "1"]
[TimeControl "1800+12"]

1. e4 {[%emt 0:00:00]} e5 {[%emt 0:00:00]} 2. Nf3 {[%emt 0:00:03]} Nc6 {[%emt 0:00:00]} 3. Bc4 {[%emt 0:01:02]} Nf6 {[%emt 0:00:00]} 4. Ng5 {[%emt 0:00:23]} d5 {[%emt 0:00:04]} 5. exd5 {[%emt 0:00:04]} b5 {[%emt 0:04:19]} 6. Bf1 {[%emt 0:05:26]} Nd4 {[%emt 0:01:16]} 7. c3 {[%emt 0:01:16]} Nxd5 {[%emt 0:00:11]} 8. cxd4 {[%emt 0:00:27]} Qxg5 {[%emt 0:00:22]} 9. Bxb5+ {[%emt 0:00:06]} Kd8 {[%emt 0:00:10]} 10. Qf3 {[%emt 0:02:35]} Bb7 {[%emt 0:02:24]} 11. h4 {[%emt 0:10:07]} Qf4 {[%emt 0:03:49]} 12. dxe5 {[%emt 0:02:15]} Qxf3 {[%emt 0:10:32]} 13. gxf3 {[%emt 0:00:02]} Nb4 {[%emt 0:00:05]} 14. Na3 {[%emt 0:00:39]} Bxf3 {[%emt 0:00:16]} 15. Rh3 {[%emt 0:00:24]} Bd5 {[%emt 0:00:04]} 16. d4 {[%emt 0:02:31]} Be7 {[%emt 0:00:29]} 17. Bd2 {[%emt 0:01:43]} Rb8 {[%emt 0:00:08]} 18. Bd3 {[%emt 0:01:58]} Nxd3+ {[%emt 0:00:46]} 19. Rxd3 {[%emt 0:00:05]} Rxb2 {[%emt 0:00:04]} 20. Bc1 {[%emt 0:02:28]} Rb6 {[%emt 0:02:14]} 21. Rb1 {[%emt 0:00:25]} Bxh4 {[%emt 0:01:49]} 22. Rxb6 {[%emt 0:00:09]} axb6 {[%emt 0:00:02]} 23. Nc2 {[%emt 0:00:14]} Be7 {[%emt 0:01:10]} 24. Ba3 {[%emt 0:00:06]} Bxa2 {[%emt 0:01:12]} 25. Bxe7+ {[%emt 0:00:11]} Kxe7 {[%emt 0:00:02]} 26. Nb4 {[%emt 0:00:01]} Bc4 {[%emt 0:00:09]} 27. Rg3 {[%emt 0:00:25]} c5 {[%emt 0:00:39]} 28. Nc2 {[%emt 0:00:07]} g6 {[%emt 0:00:30]} 29. dxc5 {[%emt 0:00:02]} b5 {[%emt 0:00:13]} 30. Ra3 {[%emt 0:00:05]} Rc8 {[%emt 0:00:05]} 31. Ra7+ {[%emt 0:00:19]} Ke6 {[%emt 0:00:21]} 32. c6 {[%emt 0:00:26]} Kxe5 {[%emt 0:00:04]} 33. Nb4 {[%emt 0:00:10]} Kd6 {[%emt 0:00:13]} 34. Kd2 {[%emt 0:00:06]} h5 {[%emt 0:00:13]} 35. Kc3 {[%emt 0:00:00]} Kc5 {[%emt 0:00:07]} 36. Rb7 {[%emt 0:00:23]} h4 {[%emt 0:00:11]} 37. c7 {[%emt 0:00:01]} h3 {[%emt 0:00:41]} 38. Rb8 {[%emt 0:00:21]} Be6 {[%emt 0:00:02]} 39. Nd3+ {[%emt 0:00:11]} Kd6 {[%emt 0:00:06]} 40. Rxc8 {[%emt 0:00:20]} Bxc8 {[%emt 0:00:02]} 41. f3 {[%emt 0:00:03]} h2 {[%emt 0:00:06]} 42. Nf2 {[%emt 0:00:02]} 0-1

[Event "16th Deltalift Open 2019"]
[Site "Halmstad"]
[Date "2019.05.30"]
[Round "3.7"]
[White "Pantzar, Milton"]
[Black "Rasti, Arvin"]
[Result "1-0"]
[WhiteElo "2390"]
[BlackElo "2151"]
[Annotator "ChessBase"]
[PlyCount "115"]
[EventDate "2019.05.30"]
[EventType "swiss"]
[EventCountry "SWE"]
[SourceTitle "playchess.com"]
[Source "ChessBase"]
[SourceQuality "1"]
[TimeControl "1800+12"]

1. Nf3 {[%emt 0:00:19]} Nf6 {[%emt 0:00:01]} 2. e3 {[%emt 0:00:10]} e6 {[%emt 0:00:26]} 3. c4 {[%emt 0:00:48]} b6 {[%emt 0:00:24]} 4. b3 {[%emt 0:00:27]} Bb7 {[%emt 0:00:07]} 5. Bb2 {[%emt 0:00:02]} c5 {[%emt 0:00:07]} 6. g3 {[%emt 0:01:01]} Be7 {[%emt 0:00:36]} 7. Bg2 {[%emt 0:00:02]} O-O {[%emt 0:00:35]} 8. O-O {[%emt 0:00:03]} d5 {[%emt 0:01:28]} 9. Nc3 {[%emt 0:00:08]} Nbd7 {[%emt 0:01:44]} 10. Qe2 {[%emt 0:01:14]} Rc8 {[%emt 0:00:44]} 11. Rac1 {[%emt 0:02:15]} Qc7 {[%emt 0:01:54]} 12. cxd5 {[%emt 0:00:28]} exd5 {[%emt 0:00:12]} 13. d4 {[%emt 0:00:15]} Qb8 {[%emt 0:00:25]} 14. Rfd1 {[%emt 0:00:20]} Rfd8 {[%emt 0:00:56]} 15. Ne5 {[%emt 0:05:24]} Qa8 {[%emt 0:05:44]} 16. Nxd7 {[%emt 0:01:09]} Nxd7 {[%emt 0:00:16]} 17. dxc5 {[%emt 0:01:17]} Nxc5 {[%emt 0:00:01]} 18. Nb5 {[%emt 0:00:21]} Ne6 {[%emt 0:02:14]} 19. Nd4 {[%emt 0:00:27]} Rxc1 {[%emt 0:00:41]} 20. Rxc1 {[%emt 0:00:11]} Nxd4 {[%emt 0:02:38]} 21. Bxd4 {[%emt 0:00:06]} Bc8 {[%emt 0:00:18]} 22. Qh5 {[%emt 0:08:56]} Be6 {[%emt 0:03:39]} 23. Qe5 {[%emt 0:00:20]} Bf6 {[%emt 0:01:02]} 24. Qf4 {[%emt 0:00:04]} Bxd4 {[%emt 0:00:39]} 25. Qxd4 {[%emt 0:00:14]} h6 {[%emt 0:01:53]} 26. Rd1 {[%emt 0:01:32]} Rc8 {[%emt 0:01:01]} 27. Bxd5 {[%emt 0:00:42]} Bxd5 {[%emt 0:00:30]} 28. Qxd5 {[%emt 0:00:02]} Qxd5 {[%emt 0:00:01]} 29. Rxd5 {[%emt 0:00:02]} Rc2 {[%emt 0:00:50]} 30. a4 {[%emt 0:00:04]} Kf8 {[%emt 0:00:51]} 31. Rd4 {[%emt 0:01:04]} Ke7 {[%emt 0:00:59]} 32. Kg2 {[%emt 0:01:29]} Ke6 {[%emt 0:00:17]} 33. Rd3 {[%emt 0:03:45]} f5 {[%emt 0:01:25]} 34. h3 {[%emt 0:00:22]} Rb2 {[%emt 0:00:47]} 35. g4 {[%emt 0:00:13]} g5 {[%emt 0:00:29]} 36. gxf5+ {[%emt 0:00:03]} Kxf5 {[%emt 0:00:01]} 37. Kf3 {[%emt 0:00:10]} h5 {[%emt 0:00:29]} 38. Rd5+ {[%emt 0:00:13]} Kf6 {[%emt 0:00:11]} 39. Rb5 {[%emt 0:00:02]} Kg6 {[%emt 0:00:17]} 40. Kg3 {[%emt 0:00:23]} Rc2 {[%emt 0:00:39]} 41. a5 {[%emt 0:00:38]} bxa5 42. Rxa5 {[%emt 0:00:01]} Rb2 {[%emt 0:00:29]} 43. Ra6+ {[%emt 0:00:12]} Kf5 {[%emt 0:00:05]} 44. Ra5+ {[%emt 0:00:07]} Kg6 {[%emt 0:00:11]} 45. Rb5 {[%emt 0:00:18]} a6 {[%emt 0:00:04]} 46. Rb4 {[%emt 0:00:28]} Rb1 {[%emt 0:00:30]} 47. Rb8 {[%emt 0:00:35]} Rg1+ {[%emt 0:00:09]} 48. Kf3 {[%emt 0:00:06]} Rb1 {[%emt 0:00:07]} 49. Ke4 {[%emt 0:00:17]} Rb2 {[%emt 0:00:07]} 50. Rb6+ {[%emt 0:00:02]} Kg7 {[%emt 0:00:14]} 51. f4 {[%emt 0:00:19]} g4 {[%emt 0:00:16]} 52. hxg4 {[%emt 0:00:02]} hxg4 {[%emt 0:00:01]} 53. Rxa6 {[%emt 0:00:29]} Rxb3 {[%emt 0:00:21]} 54. Ra5 {[%emt 0:00:11]} Rb4+ {[%emt 0:00:21]} 55. Kf5 {[%emt 0:00:08]} g3 {[%emt 0:00:02]} 56. Kg4 {[%emt 0:00:21]} g2 {[%emt 0:00:20]} 57. Rg5+ {[%emt 0:00:03]} Kf6 {[%emt 0:00:04]} 58. Kf3 {[%emt 0:00:02]} 1-0

[Event "16th Deltalift Open 2019"]
[Site "Halmstad"]
[Date "2019.05.30"]
[Round "3.8"]
[White "Hansen, Lars Bo"]
[Black "Lindberg, Bengt"]
[Result "0-1"]
[WhiteElo "2560"]
[BlackElo "2382"]
[Annotator "TA"]
[PlyCount "44"]
[EventDate "2019.05.30"]
[EventType "swiss"]
[EventCountry "SWE"]
[SourceTitle "playchess.com"]
[Source "ChessBase"]
[SourceQuality "1"]

{[%evp 9,44,16,20,8,27,23,16,20,87,0,0,-12,27,43,25,23,39,11,19,0,36,33,36,-71,-83,-66,-97,-229,-231,-413,-396,-401,-398,-398,-365,-716,-540]} 1. d4 Nf6 2. Bg5 e6 3. e4 h6 4. Bxf6 Qxf6 5. c3 d5 (5... d6 6. Bc4 Qg6 7. Qf3 Nc6 8. Ne2 Be7 9. Nd2 e5 10. d5 Nb8 11. Ng3 Qg4 12. Qd3 g6 13. h3 Qf4 {½-½ (45) Duda,J (2738)-Miton,K (2588) St Petersburg 2018}) 6. Nd2 {A45: Trompowsky Attack} a6 7. Ngf3 c5 8. Bd3 {The position is equal.} Nc6 {[#]} (8... cxd4 $11 {remains equal.} 9. cxd4 Nc6) 9. O-O $146 (9. Qe2 $1 $16) ({Predecessor:} 9. dxc5 Bxc5 10. exd5 exd5 11. Nb3 {1-0 (68) Laxman,R (2457)-Emperado,E (2232) Hanoi 2018}) 9... cxd4 $11 10. Nxd4 Bc5 11. exd5 exd5 12. Re1+ Kf8 13. N2b3 Bb6 14. Qh5 g5 {[%cal Rb6d4]} 15. Re3 Ne5 {[%cal Bc6e5,Be5g4,Bg4h2][%mdl 32]} 16. f4 (16. Qe2 $14 {stays ahead.} Nxd3 17. Rxd3 (17. Qxd3 Kg7 $14)) 16... Qxf4 $17 17. Qe2 {[#] Black must now prevent g3.} Ng4 $1 18. Rg3 {[#]} (18. Rh3 $17 {is the only way for White.}) 18... Nxh2 $1 $19 {[%mdl 512]} 19. Kxh2 $2 (19. Re3 {was necessary.} Ng4 20. Rh3) 19... Bc7 20. Qf3 Qh4+ {[%mdl 64] Pin} 21. Kg1 {Rf1! is the strong threat.} Qxg3 22. Qe2 $2 (22. Qxg3 Bxg3 23. Rf1) 22... Bg4 {Accuracy: White = 38%, Black = 59%.} 0-1

[Event "16th Deltalift Open 2019"]
[Site "Halmstad"]
[Date "2019.05.30"]
[Round "3.9"]
[White "Seo, Jung Min"]
[Black "Mejvik, Jacob"]
[Result "1-0"]
[WhiteElo "2377"]
[BlackElo "2057"]
[Annotator "ChessBase"]
[PlyCount "61"]
[EventDate "2019.05.30"]
[EventType "swiss"]
[EventCountry "SWE"]
[SourceTitle "playchess.com"]
[Source "ChessBase"]
[SourceQuality "1"]
[TimeControl "1800+12"]

1. e4 {[%emt 0:00:00]} e5 {[%emt 0:00:00]} 2. Nf3 {[%emt 0:00:00]} Nc6 {[%emt 0:00:02]} 3. Bb5 {[%emt 0:00:00]} a6 {[%emt 0:00:26]} 4. Ba4 {[%emt 0:00:00]} Nf6 {[%emt 0:00:10]} 5. O-O {[%emt 0:00:31]} Be7 {[%emt 0:00:06]} 6. Re1 {[%emt 0:00:08]} b5 {[%emt 0:00:12]} 7. Bb3 {[%emt 0:00:46]} O-O {[%emt 0:00:10]} 8. a4 {[%emt 0:00:25]} b4 {[%emt 0:00:08]} 9. d3 {[%emt 0:00:24]} Bc5 {[%emt 0:00:40]} 10. Bg5 {[%emt 0:00:24]} d6 {[%emt 0:00:12]} 11. Nbd2 {[%emt 0:00:30]} Re8 {[%emt 0:01:56]} 12. Nf1 {[%emt 0:00:26]} Be6 {[%emt 0:00:05]} 13. Bxe6 {[%emt 0:00:07]} Rxe6 {[%emt 0:00:06]} 14. Ne3 {[%emt 0:00:44]} Bxe3 {[%emt 0:06:21]} 15. Rxe3 {[%emt 0:00:46]} Qb8 {[%emt 0:03:12]} 16. Nh4 {[%emt 0:02:57]} g6 {[%emt 0:04:53]} 17. Nf5 {[%emt 0:02:24]} Ne8 {[%emt 0:01:58]} 18. Rg3 {[%emt 0:01:26]} f6 {[%emt 0:04:06]} 19. Bd2 {[%emt 0:00:26]} Kh8 {[%emt 0:03:14]} 20. Qg4 {[%emt 0:00:24]} Nd8 {[%emt 0:00:52]} 21. h4 {[%emt 0:00:25]} Ng7 {[%emt 0:00:59]} 22. Nxg7 {[%emt 0:00:28]} Kxg7 {[%emt 0:00:02]} 23. h5 {[%emt 0:00:01]} Kf8 {[%emt 0:02:35]} 24. hxg6 {[%emt 0:00:08]} hxg6 {[%emt 0:00:02]} 25. Qxg6 {[%emt 0:00:31]} Nf7 {[%emt 0:00:41]} 26. Bh6+ {[%emt 0:01:28]} Ke7 {[%emt 0:00:03]} 27. Bg7 {[%emt 0:00:06]} Nh8 {[%emt 0:00:45]} 28. Qh7 {[%emt 0:01:38]} Nf7 {[%emt 0:00:03]} 29. Qf5 {[%emt 0:00:05]} Qb6 {[%emt 0:01:19]} 30. Rg6 {[%emt 0:00:18]} Nh8 {[%emt 0:00:24]} 31. Rxf6 {[%emt 0:00:07]} 1-0

[Event "16th Deltalift Open 2019"]
[Site "Halmstad"]
[Date "2019.05.30"]
[Round "3.10"]
[White "Harren, Mats"]
[Black "Rydstrom, Tom"]
[Result "0-1"]
[WhiteElo "2139"]
[BlackElo "2365"]
[Annotator "ChessBase"]
[PlyCount "52"]
[EventDate "2019.05.30"]
[EventType "swiss"]
[EventCountry "SWE"]
[SourceTitle "playchess.com"]
[Source "ChessBase"]
[SourceQuality "1"]
[TimeControl "1800+12"]

1. e4 {[%emt 0:00:00]} e5 {[%emt 0:00:41]} 2. Nf3 {[%emt 0:00:00]} Nc6 {[%emt 0:00:02]} 3. Bb5 {[%emt 0:00:00]} a6 {[%emt 0:00:16]} 4. Ba4 {[%emt 0:00:01]} Nf6 {[%emt 0:00:14]} 5. d3 {[%emt 0:00:04]} b5 {[%emt 0:00:14]} 6. Bb3 {[%emt 0:00:02]} Bc5 {[%emt 0:00:18]} 7. Nc3 {[%emt 0:00:06]} h6 {[%emt 0:00:16]} 8. Nd5 {[%emt 0:00:04]} O-O {[%emt 0:00:36]} 9. Nxf6+ {[%emt 0:01:21]} Qxf6 {[%emt 0:00:07]} 10. Bd5 {[%emt 0:03:21]} Re8 {[%emt 0:01:41]} 11. c3 {[%emt 0:01:27]} Rb8 {[%emt 0:00:13]} 12. g4 {[%emt 0:02:02]} Ne7 {[%emt 0:02:07]} 13. g5 {[%emt 0:01:08]} Qb6 {[%emt 0:01:19]} 14. Bxf7+ {[%emt 0:01:16]} Kxf7 {[%emt 0:00:01]} 15. Nxe5+ {[%emt 0:00:05]} Kg8 {[%emt 0:01:21]} 16. d4 {[%emt 0:00:27]} Qe6 {[%emt 0:07:08]} 17. gxh6 {[%emt 0:04:27]} Ng6 {[%emt 0:06:16]} 18. Rg1 {[%emt 0:02:12]} Nxe5 {[%emt 0:00:28]} 19. Rxg7+ {[%emt 0:00:46]} Kh8 {[%emt 0:00:19]} 20. dxc5 {[%emt 0:01:08]} Bb7 {[%emt 0:03:39]} 21. f3 {[%emt 0:01:43]} Qh3 {[%emt 0:00:39]} 22. Kf2 {[%emt 0:00:41]} Rf8 {[%emt 0:00:28]} 23. Rg3 {[%emt 0:00:30]} Qxh2+ {[%emt 0:00:03]} 24. Rg2 {[%emt 0:00:22]} Ng4+ {[%emt 0:01:12]} 25. Kf1 {[%emt 0:00:24]} Qh1+ {[%emt 0:00:01]} 26. Rg1 {[%emt 0:00:09]} Rxf3+ 0-1

[Event "16th Deltalift Open 2019"]
[Site "Halmstad"]
[Date "2019.05.30"]
[Round "3.11"]
[White "Malmstig, Erik"]
[Black "Nilsson, Patrik"]
[Result "1-0"]
[WhiteElo "2352"]
[BlackElo "2221"]
[Annotator "ChessBase"]
[PlyCount "103"]
[EventDate "2019.05.30"]
[EventType "swiss"]
[EventCountry "SWE"]
[SourceTitle "playchess.com"]
[Source "ChessBase"]
[SourceQuality "1"]
[TimeControl "1800+12"]

1. c4 {[%emt 0:00:00]} g6 {[%emt 0:00:00]} 2. d4 {[%emt 0:00:00]} Nf6 {[%emt 0:00:00]} 3. Nc3 {[%emt 0:00:05]} Bg7 {[%emt 0:00:00]} 4. e4 {[%emt 0:00:07]} d6 {[%emt 0:00:03]} 5. Nge2 {[%emt 0:00:10]} O-O {[%emt 0:00:32]} 6. Ng3 {[%emt 0:00:08]} e5 {[%emt 0:01:00]} 7. d5 {[%emt 0:00:07]} a5 {[%emt 0:00:27]} 8. Be2 {[%emt 0:00:07]} Na6 {[%emt 0:00:22]} 9. h4 {[%emt 0:00:23]} h5 {[%emt 0:01:03]} 10. Bg5 {[%emt 0:00:19]} Qe8 {[%emt 0:01:45]} 11. Qd2 {[%emt 0:00:09]} Nh7 {[%emt 0:02:50]} 12. Bh6 {[%emt 0:01:02]} Bd7 {[%emt 0:01:56]} 13. Bxh5 {[%emt 0:00:44]} f5 {[%emt 0:03:33]} 14. Bxg7 {[%emt 0:01:16]} Kxg7 {[%emt 0:00:21]} 15. Be2 {[%emt 0:03:22]} f4 {[%emt 0:01:01]} 16. Nf1 {[%emt 0:03:43]} Nc5 {[%emt 0:00:23]} 17. Qc2 {[%emt 0:03:14]} c6 {[%emt 0:00:48]} 18. Nd2 {[%emt 0:00:43]} a4 {[%emt 0:01:12]} 19. g3 {[%emt 0:03:43]} fxg3 {[%emt 0:03:20]} 20. fxg3 {[%emt 0:00:07]} Nf6 {[%emt 0:00:34]} 21. Nf3 {[%emt 0:05:42]} cxd5 {[%emt 0:00:47]} 22. cxd5 {[%emt 0:00:16]} b5 {[%emt 0:00:14]} 23. a3 {[%emt 0:00:19]} Rc8 {[%emt 0:00:25]} 24. Ng5 {[%emt 0:02:53]} Nb3 {[%emt 0:00:16]} 25. Rd1 {[%emt 0:00:50]} Nd4 {[%emt 0:00:15]} 26. Qd3 {[%emt 0:00:23]} Ng4 {[%emt 0:00:33]} 27. Rf1 {[%emt 0:00:39]} Rxf1+ {[%emt 0:01:20]} 28. Bxf1 {[%emt 0:00:04]} Qe7 {[%emt 0:01:07]} 29. Rd2 {[%emt 0:00:19]} Rf8 {[%emt 0:00:37]} 30. Bg2 {[%emt 0:00:24]} Qf6 {[%emt 0:00:51]} 31. Nd1 {[%emt 0:00:53]} b4 {[%emt 0:00:22]} 32. Qa6 {[%emt 0:00:21]} b3 {[%emt 0:01:09]} 33. Qa7 {[%emt 0:00:57]} Rd8 {[%emt 0:02:34]} 34. Rxd4 {[%emt 0:00:19]} exd4 {[%emt 0:00:02]} 35. Ne6+ {[%emt 0:00:07]} Kh6 {[%emt 0:00:31]} 36. Nxd8 {[%emt 0:00:09]} Qxd8 {[%emt 0:00:10]} 37. Qxd4 {[%emt 0:00:09]} Ne5 {[%emt 0:00:06]} 38. Qe3+ {[%emt 0:00:57]} Kh7 {[%emt 0:00:12]} 39. Nc3 {[%emt 0:00:03]} Qa5 {[%emt 0:00:23]} 40. Bf1 {[%emt 0:00:14]} Bg4 {[%emt 0:00:13]} 41. Kd2 {[%emt 0:00:23]} Nf3+ {[%emt 0:00:16]} 42. Kc1 {[%emt 0:00:05]} Qc7 {[%emt 0:00:19]} 43. Bb5 {[%emt 0:00:42]} Ne5 {[%emt 0:00:12]} 44. Bxa4 {[%emt 0:00:18]} Qf7 {[%emt 0:00:24]} 45. Bb5 {[%emt 0:00:08]} Qf6 {[%emt 0:00:15]} 46. a4 {[%emt 0:00:22]} Nf3 {[%emt 0:00:10]} 47. a5 {[%emt 0:00:15]} Nd4 {[%emt 0:00:20]} 48. Bd3 {[%emt 0:00:07]} Bc8 {[%emt 0:01:01]} 49. a6 {[%emt 0:00:07]} Nc2 {[%emt 0:00:06]} 50. Bxc2 {[%emt 0:00:14]} bxc2 {[%emt 0:00:07]} 51. Kxc2 {[%emt 0:00:10]} Bxa6 {[%emt 0:00:03]} 52. Qa7+ {[%emt 0:00:02]} 1-0

[Event "16th Deltalift Open 2019"]
[Site "Halmstad"]
[Date "2019.05.30"]
[Round "3.12"]
[White "Svensson, Leif"]
[Black "Bellon Lopez, Juan Manuel"]
[Result "0-1"]
[WhiteElo "2016"]
[BlackElo "2345"]
[Annotator "ChessBase"]
[PlyCount "84"]
[EventDate "2019.05.30"]
[EventType "swiss"]
[EventCountry "SWE"]
[SourceTitle "playchess.com"]
[Source "ChessBase"]
[SourceQuality "1"]
[TimeControl "1800+12"]

1. d4 {[%emt 0:00:00]} Nf6 {[%emt 0:00:00]} 2. Nc3 {[%emt 0:00:02]} d5 {[%emt 0:00:14]} 3. Bg5 {[%emt 0:00:08]} c6 {[%emt 0:00:14]} 4. e3 {[%emt 0:00:22]} Nbd7 {[%emt 0:01:00]} 5. f4 {[%emt 0:00:24]} e6 {[%emt 0:00:24]} 6. Nf3 {[%emt 0:01:03]} Qa5 {[%emt 0:00:15]} 7. a3 {[%emt 0:00:52]} Ne4 {[%emt 0:00:57]} 8. Bd3 {[%emt 0:03:58]} Nxc3 {[%emt 0:04:56]} 9. Qd2 {[%emt 0:00:11]} c5 {[%emt 0:00:18]} 10. Qxc3 {[%emt 0:01:58]} Qxc3+ {[%emt 0:00:11]} 11. bxc3 {[%emt 0:00:05]} c4 {[%emt 0:00:45]} 12. Be2 {[%emt 0:00:09]} Bd6 {[%emt 0:01:52]} 13. g4 {[%emt 0:05:28]} f6 {[%emt 0:03:16]} 14. Bh4 {[%emt 0:00:07]} O-O {[%emt 0:01:41]} 15. g5 {[%emt 0:05:24]} fxg5 {[%emt 0:03:33]} 16. Bxg5 {[%emt 0:03:11]} Nf6 {[%emt 0:01:35]} 17. Bxf6 {[%emt 0:00:24]} gxf6 {[%emt 0:00:46]} 18. a4 {[%emt 0:04:36]} Rf7 {[%emt 0:02:35]} 19. Rg1+ {[%emt 0:00:43]} Rg7 {[%emt 0:00:48]} 20. Kf2 {[%emt 0:00:45]} Bd7 {[%emt 0:00:31]} 21. Rxg7+ {[%emt 0:01:13]} Kxg7 {[%emt 0:00:01]} 22. a5 {[%emt 0:00:27]} a6 {[%emt 0:03:00]} 23. Nd2 {[%emt 0:01:45]} Bc7 {[%emt 0:01:11]} 24. Bf3 {[%emt 0:00:06]} Kf7 {[%emt 0:00:39]} 25. Bh5+ {[%emt 0:00:09]} Ke7 {[%emt 0:00:10]} 26. Rg1 {[%emt 0:00:21]} Bxa5 {[%emt 0:00:38]} 27. Rg7+ {[%emt 0:00:04]} Kd6 {[%emt 0:00:03]} 28. Nb1 {[%emt 0:00:05]} Rh8 {[%emt 0:00:25]} 29. Bf7 {[%emt 0:00:05]} Bd8 {[%emt 0:00:45]} 30. Bg8 {[%emt 0:00:07]} Be7 {[%emt 0:00:29]} 31. f5 {[%emt 0:00:16]} Bf8 {[%emt 0:00:33]} 32. Rg1 {[%emt 0:01:17]} exf5 {[%emt 0:00:03]} 33. h4 {[%emt 0:00:20]} b5 {[%emt 0:00:08]} 34. Bf7 {[%emt 0:00:15]} Be6 {[%emt 0:00:09]} 35. Bxe6 {[%emt 0:00:19]} Kxe6 {[%emt 0:00:00]} 36. Nd2 {[%emt 0:00:05]} Bd6 {[%emt 0:00:14]} 37. Rg7 {[%emt 0:00:01]} Be7 {[%emt 0:00:07]} 38. Ke2 {[%emt 0:00:08]} a5 {[%emt 0:00:03]} 39. Kd1 {[%emt 0:00:01]} b4 {[%emt 0:00:07]} 40. Kc1 {[%emt 0:00:06]} bxc3 {[%emt 0:00:16]} 41. Nb1 {[%emt 0:00:00]} Bb4 {[%emt 0:00:03]} 42. Ra7 {[%emt 0:00:07]} Rg8 {[%emt 0:00:07]} 0-1

[Event "16th Deltalift Open 2019"]
[Site "Halmstad"]
[Date "2019.05.30"]
[Round "3.13"]
[White "Ziegler, Nathalie"]
[Black "Lindgren, Fredrik"]
[Result "1-0"]
[WhiteElo "1789"]
[BlackElo "2278"]
[Annotator "ChessBase"]
[PlyCount "49"]
[EventDate "2019.05.30"]
[EventType "swiss"]
[EventCountry "SWE"]
[SourceTitle "playchess.com"]
[Source "ChessBase"]
[SourceQuality "1"]
[TimeControl "1800+12"]

1. c4 {[%emt 0:00:00]} d6 {[%emt 0:00:13]} 2. d4 {[%emt 0:00:00]} Nc6 {[%emt 0:00:05]} 3. Nc3 {[%emt 0:00:02]} g6 {[%emt 0:00:05]} 4. Nf3 {[%emt 0:00:07]} Bg7 {[%emt 0:00:02]} 5. e4 {[%emt 0:00:27]} e5 {[%emt 0:00:05]} 6. dxe5 {[%emt 0:00:27]} Nxe5 {[%emt 0:00:05]} 7. Be2 {[%emt 0:00:25]} Ne7 {[%emt 0:00:08]} 8. O-O {[%emt 0:00:16]} O-O {[%emt 0:00:03]} 9. Bg5 {[%emt 0:00:59]} Be6 {[%emt 0:00:27]} 10. Nxe5 {[%emt 0:01:38]} Bxe5 {[%emt 0:00:20]} 11. f4 {[%emt 0:00:11]} Bxc3 {[%emt 0:00:48]} 12. bxc3 {[%emt 0:00:02]} f6 {[%emt 0:00:08]} 13. Bh6 {[%emt 0:01:59]} Rf7 {[%emt 0:00:04]} 14. f5 {[%emt 0:00:32]} gxf5 {[%emt 0:01:22]} 15. Bh5 {[%emt 0:00:08]} fxe4 {[%emt 0:00:04]} 16. Bxf7+ {[%emt 0:04:05]} Bxf7 {[%emt 0:00:20]} 17. Rxf6 {[%emt 0:00:47]} Ng6 {[%emt 0:00:16]} 18. Rxf7 {[%emt 0:05:56]} Kxf7 {[%emt 0:00:03]} 19. Qd5+ {[%emt 0:00:02]} Ke8 {[%emt 0:00:02]} 20. Bg5 {[%emt 0:04:04]} Qc8 {[%emt 0:02:47]} 21. Rf1 {[%emt 0:02:02]} Ne5 {[%emt 0:01:21]} 22. Qg8+ {[%emt 0:00:52]} Kd7 {[%emt 0:00:14]} 23. Qxh7+ {[%emt 0:00:02]} Kc6 {[%emt 0:00:46]} 24. Qxe4+ {[%emt 0:00:04]} Kb6 {[%emt 0:00:01]} 25. c5+ {[%emt 0:01:47]} 1-0